ARRUPE JESUIT UNIVERSITY

CORONAVIRUS -STOP THE SPREAD - CLEAN,DISINFECT,COVER

Samuel Johnson / (Record no. 122312)

MARC details
000 -LEADER
fixed length control field 00921cam a2200325 i 4500
001 - CONTROL NUMBER
control field 45963
003 - CONTROL NUMBER IDENTIFIER
control field ARRUPE
005 - DATE AND TIME OF LATEST TRANSACTION
control field 20150306142009.0
008 - FIXED-LENGTH DATA ELEMENTS--GENERAL INFORMATION
fixed length control field 810519s1980 enkacf b 000 0beng
010 ## - LIBRARY OF CONGRESS CONTROL NUMBER
LC control number 80142497
015 ## - NATIONAL BIBLIOGRAPHY NUMBER
National bibliography number GB***
020 ## - INTERNATIONAL STANDARD BOOK NUMBER
International Standard Book Number 0333285433 :
Terms of availability £8.95
020 ## - INTERNATIONAL STANDARD BOOK NUMBER
International Standard Book Number 0333286162 (pbk.)
035 ## - SYSTEM CONTROL NUMBER
System control number (OCoLC)6925891
035 ## - SYSTEM CONTROL NUMBER
System control number (OCoLC)ocm06925891
035 ## - SYSTEM CONTROL NUMBER
System control number (CStRLIN)NYCG24033200-B
035 ## - SYSTEM CONTROL NUMBER
System control number (NNC)45963
040 ## - CATALOGING SOURCE
Modifying agency NNC
-- CStRLIN
Transcribing agency Arrupe
050 0# - LIBRARY OF CONGRESS CALL NUMBER
Classification number PR3533
Item number .W33 1980
082 ## - DEWEY DECIMAL CLASSIFICATION NUMBER
Classification number 828/.609
-- B
090 ## - LOCALLY ASSIGNED LC-TYPE CALL NUMBER (OCLC); LOCAL CALL NUMBER (OCLC)
Classification number (OCLC) (R) ; Classification number, CALL (RLIN) (NR) PR3533
Local cutter number (OCLC) ; Book number/undivided call number, CALL (RLIN) .W33 1980
300 ## - PHYSICAL DESCRIPTION
Other physical details ill., ports. ;
Dimensions 25 cm.
100 1# - MAIN ENTRY--PERSONAL NAME
Personal name Wain, John.
9 (RLIN) 3401
245 00 - TITLE STATEMENT
Title Samuel Johnson /
Statement of responsibility, etc John Wain.
260 ## - PUBLICATION, DISTRIBUTION, ETC. (IMPRINT)
Place of publication, distribution, etc New York :
Name of publisher, distributor, etc The Viking Press,
Date of publication, distribution, etc 1975.
300 ## - PHYSICAL DESCRIPTION
Extent 388 p., [8] leaves of plates :
504 ## - BIBLIOGRAPHY, ETC. NOTE
Bibliography, etc Bibliography: p. [380]
600 10 - SUBJECT ADDED ENTRY--PERSONAL NAME
Personal name Johnson, Samuel,
Dates associated with a name 1709-1784.
General subdivision biography
9 (RLIN) 15917
942 ## - ADDED ENTRY ELEMENTS (KOHA)
Source of classification or shelving scheme Library of Congress Classification
Koha item type Monograph ( Printed materials)
Holdings
Withdrawn status Lost status Source of classification or shelving scheme Damaged status Not for loan Collection code Home library Current library Shelving location Date acquired Total Checkouts Full call number Barcode Date last seen Price effective from Koha item type
    Library of Congress Classification     Main Collection ARRUPE LIBRARY ARRUPE LIBRARY Main Collection 06/03/2015   PR3533 .W33 1975 46500002899 25/04/2019 06/03/2015 Monograph ( Printed materials)

 

Arrupe Library. PO Box MP320 Mt Pleasant, Harare, Zimbabwe
263 242 745411|librarian@aju.ac.zw